[Event "VIE-chT (Women)"]
[Site "Hue"]
[Date "2008.08.16"]
[Round "2"]
[White "Le, Kieu Thien Kim"]
[Black "Pham, Thi Ngoc Tu"]
[Result "0-1"]
[WhiteElo "2286"]
[BlackElo "2065"]
[PlyCount "96"]
[EventDate "2008.08.15"]
[EventType "team-swiss"]
[EventRounds "11"]
[EventCountry "VIE"]
[SourceTitle "EXT 2019"]
[Source "ChessBase"]
[SourceDate "2018.10.10"]
[SourceVersion "1"]
[SourceVersionDate "2018.10.10"]
[SourceQuality "1"]

1. c4 e6 2. d4 d5 3. Nf3 c6 4. cxd5 exd5 5. Nc3 Bf5 6. g3 Nd7 7. Bg2 Bd6 8. 0-0 Ngf6 9. Nh4 Bg6 10. Bg5 0-0 11. Nxg6 hxg6 12. Rb1 Be7 13. Qd3 Re8 14. f3 Nf8 15. b4 a6 16. a4 Ne6 17. Be3 Qc7 18. Rfc1 Rac8 19. Bh3 Bd6 20. Bf2 Qe7 21. b5 axb5 22. axb5 Nh5 23. Qd2 Rcd8 24. bxc6 bxc6 25. Rb6 Ng5 26. Bg2 Rc8 27. e4 Qd8 28. Rb7 dxe4 29. Nxe4 Nxe4 30. fxe4 c5 31. d5 Re7 32. Rxe7 Qxe7 33. Re1 Be5 34. Rd1 Qd6 35. Bh3 Rc7 36. Rb1 Nf6 37. Bg2 Ng4 38. Qg5 Nh6 39. Rb8+ Kh7 40. Rd8 f6 41. Rxd6 fxg5 42. Re6 Nf7 43. Rc6 c4 44. Bf1 c3 45. Bd3 Rxc6 46. dxc6 Bc7 47. Bd4 Ba5 48. e5 Nd8 0-1

[Event "VIE-chT Super (Women)"]
[Site "Hanoi"]
[Date "2008.02.24"]
[Round "1"]
[White "Pham, Thi Ngoc Tu"]
[Black "Pham, Thi Hoa"]
[Result "1/2-1/2"]
[WhiteElo "2065"]
[BlackElo "2140"]
[PlyCount "62"]
[EventDate "2008.02.24"]
[EventType "team-tourn"]
[EventRounds "7"]
[EventCountry "VIE"]
[SourceTitle "EXT 2019"]
[Source "ChessBase"]
[SourceDate "2018.10.10"]
[SourceVersion "1"]
[SourceVersionDate "2018.10.10"]
[SourceQuality "1"]

1. e4 c6 2. d4 d5 3. Nd2 dxe4 4. Nxe4 Bf5 5. Ng3 Bg6 6. Nf3 Nd7 7. h4 h6 8. h5 Bh7 9. Bd3 Bxd3 10. Qxd3 Qc7 11. Bd2 Ngf6 12. 0-0-0 e6 13. Kb1 0-0-0 14. Ne4 Be7 15. g3 Nxe4 16. Qxe4 Nf6 17. Qe2 Rhe8 18. c4 c5 19. Bc3 cxd4 20. Bxd4 Bc5 21. Bxc5 Qxc5 22. Ne5 Nd7 23. Nd3 Qf5 24. g4 Qa5 25. Rc1 Nb8 26. Rhd1 Nc6 27. Nf4 Qe5 28. Qe3 Rxd1 29. Rxd1 Qxe3 30. fxe3 Rd8 31. Rxd8+ Kxd8 1/2-1/2

[Event "VIE-chT (Women)"]
[Site "Da Lat"]
[Date "2007.08.28"]
[Round "9"]
[White "Pham, Thi Ngoc Tu"]
[Black "Bui, Kim Le"]
[Result "0-1"]
[WhiteElo "2065"]
[BlackElo "2165"]
[PlyCount "136"]
[EventDate "2007.08.22"]
[EventType "team-swiss"]
[EventRounds "11"]
[EventCountry "VIE"]
[SourceTitle "EXT 2023"]
[Source "ChessBase"]
[SourceDate "2022.10.05"]
[SourceVersion "1"]
[SourceVersionDate "2022.10.05"]
[SourceQuality "1"]

1. e4 c5 2. Nf3 a6 3. c3 d5 4. exd5 Qxd5 5. d4 Nc6 6. Be3 cxd4 7. cxd4 Nf6 8. Nc3 Qd6 9. Be2 e6 10. 0-0 Be7 11. Qd2 0-0 12. Rfd1 Nd5 13. Nxd5 Qxd5 14. a3 Na5 15. Qc2 Bd7 16. b4 Rac8 17. Qb1 Nc4 18. Ne5 Nxe3 19. fxe3 Ba4 20. Rc1 Bg5 21. Kf2 f6 22. Nf3 Bh6 23. Qb2 Qe4 24. Rc3 e5 25. Rac1 Rcd8 26. Bc4+ Kh8 27. d5 f5 28. Qb1 Qg4 29. Nxe5 Qh4+ 30. Kg1 Qe7 31. Nf3 Bxe3+ 32. Kf1 Bxc1 33. Qxc1 Rfe8 34. Qd2 Bb5 35. Bxb5 axb5 36. Rc5 Qe3 37. Rxb5 Qxa3 38. Kf2 Qb3 39. Nd4 Qc4 40. Rc5 Qa6 41. Nf3 h6 42. Nd4 Re4 43. h3 Rde8 44. Ne6 Qd6 45. Qc3 Qe5 46. Qc2 Rxb4 47. Kg1 Rb2 48. Qc4 Rb1+ 49. Kf2 Qe1+ 50. Kf3 Qf1+ 51. Qxf1 Rxf1+ 52. Ke2 Rg1 53. Kf3 Rd1 54. Rb5 Re7 55. Kf4 Rd7 56. Ke5 Kg8 57. Nf4 g5 58. Nh5 Kf7 59. Ng3 f4 60. Ne4 Re1 61. d6 Re2 62. Rd5 Rxg2 63. Nc5 Re2+ 64. Kf5 Ke8 65. Nxd7 Kxd7 66. Kg4 Re6 67. Rb5 Kc6 68. d7 Rd6 0-1